Ensayos críticos acerca de literatura europea / (Record no. 51023)

MARC details
000 -LEADER
campo de control de longitud fija 00644nam a2200205 i 4500
001 - NÚMERO DE CONTROL
campo de control 51023
003 - IDENTIFICADOR DE NÚMERO DE CONTROL
campo de control ES-MaACL
005 - FECHA Y HORA DE LA ÚLTIMA TRANSACCIÓN
campo de control 20231114062531.0
007 - CAMPO FIJO DE DESCRIPCIÓN FÍSICA--INFORMACIÓN GENERAL
campo de control de longitud fija t|
008 - DATOS DE LONGITUD FIJA--INFORMACIÓN GENERAL
campo de control de longitud fija 030808s1959 sp ||||1| spa d
100 1# - ENTRADA PRINCIPAL--NOMBRE DE PERSONA
Nombre de persona Curtius, Ernst.
9 (RLIN) 42251
245 10 - MENCIÓN DEL TÍTULO
Título Ensayos críticos acerca de literatura europea /
Mención de responsabilidad, etc. Ernst Curtius ; [traducción de Eduardo Valentí].
260 ## - PUBLICACIÓN, DISTRIBUCIÓN, ETC.
Lugar de publicación, distribución, etc. Barcelona :
Nombre del editor, distribuidor, etc. Seix Barral,
Fecha de publicación, distribución, etc. 1959.
300 ## - DESCRIPCIÓN FÍSICA
Extensión 2 t. ;
Dimensiones 18 cm.
490 1# - MENCIÓN DE SERIE
Mención de serie Biblioteca breve
700 1# - ENTRADA AGREGADA--NOMBRE PERSONAL
Nombre de persona Valentí Fiol, Eduardo.
9 (RLIN) 112600
830 0# - PUNTO DE ACCESO ADICIONAL DE SERIE-TÍTULO UNIFORME
Título uniforme Biblioteca breve (Seix Barral)
9 (RLIN) 227188
852 ## - LOCALIZACIÓN
Ubicación ES-MaACL
Número de control de estantería C-16364-5
Sublocalización o colección R.44158
Holdings
Estatus retirado Estado de pérdida Estado de daño No para préstamo Biblioteca de origen Biblioteca actual Ubicación en estantería Fecha de adquisición Fuente de adquisición Total de préstamos Signatura topográfica completa Código de barras Visto por última vez Precio de reemplazo Tipo de ítem Koha
        Biblioteca del Ateneo de Madrid Biblioteca del Ateneo de Madrid Mesetón 17/01/2008     C-16364-5 1053657 23/02/2023 23/02/2023 Libro impreso